000 00300nam a22001097a 4500
082 _a920.973
_bBUR
100 _aBurlingame Roger
_950201
245 _aBanjamin Franklin the first Mr. American
_c Roger,Burlingame
526 _a0
_b0
_c0
_d920_973000000000000_BUR
650 _aMCE
_9379
942 _2ddc
_cBK
999 _c553460
_d553460